书目信息 |
| 题名: |
PPP模式与固废处理
|
|
| 作者: | 孙洁 主编 | |
| 分册: | ||
| 出版信息: | 北京 经济日报出版社 2018.09 |
|
| 页数: | 321页 | |
| 开本: | 24cm | |
| 丛书名: | PPP实战系列丛书 | |
| 单 册: | ||
| 中图分类: | X196 , F832.48 | |
| 科图分类: | ||
| 主题词: | 固体废物处理--gu ti fei wu chu li--政府投资--合作--社会资本--研究 | |
| 电子资源: | ||
| ISBN: | 978-7-5196-0397-7 | |
| 000 | 01120nam 2200289 450 | |
| 001 | 202019135221 | |
| 005 | 20191007123107.0 | |
| 010 | @a978-7-5196-0397-7@dCNY78.00 | |
| 100 | @a20191003d2018 em y0chiy50 ea | |
| 101 | 0 | @achi |
| 102 | @aCN@b110000 | |
| 105 | @aak z 000yy | |
| 106 | @ar | |
| 200 | 1 | @aPPP模式与固废处理@APPPmo shi yu gu fei chu li@d= PPP model and solid waste management@f孙洁主编@zeng |
| 210 | @a北京@c经济日报出版社@d2018.09 | |
| 215 | @a321页@c图@d24cm | |
| 225 | 2 | @aPPP实战系列丛书@APPP shi zhan xi lie cong shu |
| 314 | @a孙洁, 中国财政科学研究院研究员。 | |
| 330 | @a本书针对广大从未接触固废处理PPP项目实际操作的人员, 以经典案例做示范, 帮助他们学习和掌握固废处理PPP模式的相关理论和实务要点, 全面了解和把握我国应用固废处理PPP模式的发展历程和现实问题。 | |
| 410 | 0 | @12001 @aPPP实战系列丛书 |
| 510 | 1 | @aPPP model and solid waste management@zeng |
| 606 | 0 | @a固体废物处理@Agu ti fei wu chu li@x政府投资@x合作@x社会资本@x研究 |
| 690 | @aX196@v5 | |
| 690 | @aF832.48@v5 | |
| 701 | 0 | @a孙洁@Asun jie@4主编 |
| 801 | 0 | @aCN@c20190905 |
| 905 | @a河南城建学院图书馆@dX196@eS921 | |
| PPP模式与固废处理= PPP model and solid waste management/孙洁主编.-北京:经济日报出版社,2018.09 |
| 321页:图;24cm.-(PPP实战系列丛书) |
| ISBN 978-7-5196-0397-7:CNY78.00 |
| 本书针对广大从未接触固废处理PPP项目实际操作的人员, 以经典案例做示范, 帮助他们学习和掌握固废处理PPP模式的相关理论和实务要点, 全面了解和把握我国应用固废处理PPP模式的发展历程和现实问题。 |
| ● |
| 相关链接 |
|
|
|
正题名:PPP模式与固废处理
索取号:X196/S921
 
预约/预借
| 序号 | 登录号 | 条形码 | 馆藏地/架位号 | 状态 | 备注 |
| 1 | 1443818 | 214438189 | 自科库501/501自科库 93排1列1层/ [索取号:X196/S921] | 在馆 | |
| 2 | 1443819 | 214438198 | 自科库501/501自科库 93排1列1层/ [索取号:X196/S921] | 在馆 |